| 000 | 00443nam a2200181Ia 4500 | ||
|---|---|---|---|
| 008 | 230524s9999 xx 000 0 und d | ||
| 020 | _a9789332584754 | ||
| 082 |
_a530 _bMAH |
||
| 100 | _aLaxmidhar Maharana | ||
| 245 | 0 | _aLectures on Engineering Physics | |
| 250 | _a1 | ||
| 260 |
_aNoida _bPearson |
||
| 300 | _a"xiv,11-16p;" | ||
| 500 | _aQuantity Number: 150 | ||
| 650 | _aPhysics | ||
| 700 | _aPrafulla Kumar Panda | ||
| 942 | _cBK | ||
| 999 |
_c59148 _d59148 |
||